| 000 | 00821 a2200229 4500 | ||
|---|---|---|---|
| 020 | _a0194314243 (hbk.) : | ||
| 020 | _a019431510X (pbk.) : | ||
| 020 | _a0194315851 (pbk. with Genie CD-ROM) | ||
| 020 | _a019431586X (hbk. with Genie CD-ROM) | ||
| 020 | _a0194315509 (International student's ed.) | ||
| 040 |
_aDLC _bDLC |
||
| 082 | 0 | 4 | _a423 |
| 100 | 1 | _aHornby, Albert Sydney. | |
| 245 | 1 | 0 |
_aOxford advanced learner's dictionary of current English _cA. S. Hornby. |
| 246 | 3 | 0 | _aAdvanced learner's dictionary |
| 250 |
_a6th ed. / _bedited by Sally Wehmeier |
||
| 260 |
_aOxford : _bOxford University Press, _c2000. |
||
| 300 |
_axii, 1539 p., [32] p. of plates : _bill. (some col.), col. maps ; _c24 cm + _e1 CD-ROM (4 3/4in) |
||
| 650 | 0 | _aEnglish language | |
| 700 | 1 | _aWehmeier, Sally. | |
| 942 |
_cBK _k423 WEH _2ddc |
||
| 999 |
_c4772 _d4772 |
||